000 01644nam a2200433 i 4500
001 51349
003 FINmELB
005 20241216232311.0
006 m o u
007 cr cn|||||||||
008 200620s2018 sp ob 000 0 spa d
020 _a9788436838374
_qe-book
035 _a(OCoLC)1160922603
040 _aFINmELB
_bspa
_erda
_cFINmELB
050 1 4 _aHC385
_bE183 2018
080 _a658-057.15(460)
082 0 4 _a658.421
_223
100 1 _aEchegaray, Guillermo.
245 1 0 _aEmpresas con alma, empresas con futuro :
_buna mirada sistémica a las organizaciones /
_cGuillermo Echegaray.
264 1 _aMadrid :
_bEdiciones Pirámide,
_c2018.
300 _a1 recurso en línea (237 páginas)
336 _atexto
_btxt
_2rdacontent/spa
337 _acomputadora
_bc
_2rdamedia/spa
338 _arecurso en línea
_bcr
_2rdacarrier/spa
490 1 _aColección Empresa y gestión
504 _aContiene bibliografía.
588 _aDescripción basada en metadatos suministrados por el editor y otras fuentes.
590 _aRecurso electrónico. Santa Fe, Arg.: elibro, 2019. Disponible vía World Wide Web. El acceso puede estar limitado para las bibliotecas afiliadas a elibro.
650 0 _aEntrepreneurship
_zSpain.
650 4 _aEmprendedores
_zEspaña.
655 4 _aLibros electrónicos.
797 2 _aelibro, Corp.
830 0 _aColección Empresa y gestión.
856 4 0 _uhttps://elibro.net/ereader/politecnicointernacional/123067
999 _c51349
_d51349